| 000 | 00422nam a22001577a 4500 | ||
|---|---|---|---|
| 003 | OSt | ||
| 005 | 20240229185224.0 | ||
| 008 | 211021b xxu||||| |||| 00| 0 eng d | ||
| 020 | _a 8194125413 | ||
| 040 | _cIIMT UNIVERSIUTY,MEERUT | ||
| 100 | _aKRISHNA GARG | ||
| 245 | _aHAND BOOK OF GENRAL ANATOMY | ||
| 260 |
_aNEW DELHI _bCBS PUBLISHERS & DISTRIBUTORS PVT LTD _c2019 |
||
| 300 | _a372 | ||
| 942 |
_2ddc _c02 _e6TH EDITION |
||
| 999 |
_c50943 _d50943 |
||